00703nam a22001457a 4500008004100000020001800041040001500059100003400074245009200108260003300200300002100233505009700254505018500351700002100536231023b ||||| |||| 00| 0 eng d a9788419552549 aCDMRdCDMR1 aVázquez Montalbán, Manuel aLos papeles de Admunsen c/ Manuel Vázquez Montalbán; edición de José Colmeiro  aBarcelona : bNavona, c2023 a440 p. c; 22 cm aNovel·la inèdita que Manuel Vázquez Montalbán va presentar al premi Biblioteca Breve. aConté una introducció de l'editor literari (p. 11-56), notes i obres citades (p. 415-440), i al final (sense numerar) un annex amb fotos del manuscrit original de la novel·la. aColmeiro, José